000 00967nam a22002297a 4500
999 _c1028
_d1028
003 AR-CdUCM
008 190226b ||||| |||| 00| 0 spa d
040 _aMUNICIPALIDAD PROVINCIAL DEL CUSCO
_cBIBLIOTECA MUNICIPAL DEL CUSCO
082 _a984.009 /
_bA62V
100 _aDel Valle de Siles, María Eugnia
_94001
245 _aBartolina Sisa, Gregoria Apaza :
_bdos heroinas indígenas /
260 _aBolivia :
_bKhana Cruz S.R.L
_c1981.
300 _a73 páginas ;
_c26 cm.
_bilustraciones ;
440 _aColección Juvenil de Biografías Breves
_n16
_94002
500 _aRescatados del mito Bartolina Sisa y Gregoria Apaza resurgen en todo su dimensión humana, política y social a través de este importante estudio biográfico realizado por una profesional de la historia.
650 _aFeminismo
_94003
650 _aTupac Katari
_94004
650 _aHistoria boliviana
_94005
650 _aLa Paz
_9620
942 _2ddc
_cLIBROS
945 _araen
_d2019-02-26